An introduction to qualitative research (Record no. 63617)
[ view plain ]
| 000 -LEADER | |
|---|---|
| fixed length control field | 00966cam a22002897i 4500 |
| 003 - CONTROL NUMBER IDENTIFIER | |
| control field | CBULib |
| 005 - DATE AND TIME OF LATEST TRANSACTION | |
| control field | 20241004072147.0 |
| 008 - FIXED-LENGTH DATA ELEMENTS--GENERAL INFORMATION | |
| fixed length control field | 130607s2014 cau b 001 0 eng d |
| 020 ## - INTERNATIONAL STANDARD BOOK NUMBER | |
| International Standard Book Number | 9781446267790 (pbk.) |
| 040 ## - CATALOGING SOURCE | |
| Original cataloging agency | UKMGB |
| Language of cataloging | eng |
| Transcribing agency | UKMGB |
| Description conventions | RDA |
| Modifying agency | BTCTA |
| -- | BDX |
| -- | OBE |
| -- | CBULib |
| -- | CBULib |
| 041 1# - LANGUAGE CODE | |
| Language code of text/sound track or separate title | eng |
| Language code of original and/or intermediate translations of text | ger |
| 050 00 - LIBRARY OF CONGRESS CALL NUMBER | |
| Classification number | H 62 Fli |
| 100 ## - MAIN ENTRY--PERSONAL NAME | |
| Personal name | Flick, Uwe |
| Dates associated with a name | 1956- |
| Relator term | author |
| 9 (RLIN) | 3693 |
| 245 13 - TITLE STATEMENT | |
| Title | An introduction to qualitative research |
| Statement of responsibility, etc | / by Uwe Flick |
| 250 ## - EDITION STATEMENT | |
| Edition statement | Edition 5 |
| 260 ## - PUBLICATION, DISTRIBUTION, ETC. (IMPRINT) | |
| Place of publication, distribution, etc | London : |
| Name of publisher, distributor, etc | SAGE Publications Inc., |
| Date of publication, distribution, etc | 2014 |
| 300 ## - PHYSICAL DESCRIPTION | |
| Extent | xxvii, 587 pages |
| 336 ## - CONTENT TYPE | |
| Source | rdacontent |
| Content type term | Text | |
| Content type code | txt |
| 337 ## - MEDIA TYPE | |
| Source | rdamedia |
| Media type term | Unmediated | |
| Media type code | n |
| 338 ## - CARRIER TYPE | |
| Source | rdacarrier |
| Carrier type term | Volume |
| Carrier type code | nc |
| 500 ## - GENERAL NOTE | |
| General note | Previous edition of this translation: 2009. |
| 504 ## - BIBLIOGRAPHY, ETC. NOTE | |
| Bibliography, etc | Includes bibliographical references (pages 546-571) and indexes. |
| 650 #0 - SUBJECT ADDED ENTRY--TOPICAL TERM | |
| Topical term or geographic name as entry element | QUALITATIVE RESEARCH |
| 9 (RLIN) | 3694 |
| 650 #0 - SUBJECT ADDED ENTRY--TOPICAL TERM | |
| Topical term or geographic name as entry element | SOCIAL SCIENCES |
| 9 (RLIN) | 3585 |
| 856 42 - ELECTRONIC LOCATION AND ACCESS | |
| Uniform Resource Identifier | <a href="http://d-nb.info/1049662822/04">http://d-nb.info/1049662822/04</a> |
| 942 ## - ADDED ENTRY ELEMENTS (KOHA) | |
| Koha item type | MONOGRAPH |
| Source of classification or shelving scheme | |
| Withdrawn status | Lost status | Source of classification or shelving scheme | Damaged status | Not for loan | Collection code | Permanent Location | Current Location | Shelving location | Date acquired | Total Checkouts | Full call number | Barcode | Date last seen | Copy number | Price effective from | Koha item type | Source of acquisition |
|---|---|---|---|---|---|---|---|---|---|---|---|---|---|---|---|---|---|
| CBU-Lusaka Campus | CBU- LUSAKA CAMPUS | CBU- LUSAKA CAMPUS | General Stacks | 10/22/2024 | BF 76.5 Fli | 752900 | 10/22/2024 | 10/22/2024 | MONOGRAPH | BOOK AID | |||||||
| Special Collections | CBU-MAIN LIBRARY, KITWE. | CBU-MAIN LIBRARY, KITWE. | Special Collections | 01/12/2023 | BF 76.5 Fli | 751219 | 01/12/2023 | 1 | 01/12/2023 | MONOGRAPH | |||||||
| Special Collections | CBU-MAIN LIBRARY, KITWE. | CBU-MAIN LIBRARY, KITWE. | Special Collections | 01/12/2023 | BF 76.5 Fli | 751220 | 01/12/2023 | 2 | 01/12/2023 | MONOGRAPH | |||||||
| Special Collections | CBU-MAIN LIBRARY, KITWE. | CBU-MAIN LIBRARY, KITWE. | Special Collections | 01/12/2023 | BF 76.5 Fli | 751221 | 01/12/2023 | 3 | 01/12/2023 | MONOGRAPH | |||||||
| Special Collections | CBU-MAIN LIBRARY, KITWE. | CBU-MAIN LIBRARY, KITWE. | Special Collections | 01/12/2023 | BF 76.5 Fli | 751222 | 01/12/2023 | 4 | 01/12/2023 | MONOGRAPH | |||||||
| Special Collections | CBU-MAIN LIBRARY, KITWE. | CBU-MAIN LIBRARY, KITWE. | Special Collections | 01/12/2023 | BF 76.5 Fli | 751223 | 01/12/2023 | 5 | 01/12/2023 | MONOGRAPH | |||||||
| Main Library Open Access Collection | CBU-MAIN LIBRARY, KITWE. | CBU-MAIN LIBRARY, KITWE. | 10/04/2024 | H 62 Fli | 747485 | 10/04/2024 | 10/04/2024 | MONOGRAPH | Book Aid International |